Posibilidades de la micro y pequeña empresa turística frente al turismo internacional /

En el texto se presenta la situación de la micro y pequeña empresa en Costa Rica de cara al turismo internacional. Se menciona que ha habido un gran crecimiento en poco tiempo en diversidad y cantidad de oportunidades, sin embargo no ha habido una adecuada planificación, por lo tanto, ha ocurrido ef...

Повний опис

Збережено в:
Бібліографічні деталі
Автор: Alfaro, Ruth
Формат: Текст
Предмети:
Теги: Додати тег
Немає тегів, Будьте першим, хто поставить тег для цього запису!

MARC

LEADER 00000 a a2200000 04500
001 1301
003
040
100 |a Alfaro, Ruth  
245 |a Posibilidades de la micro y pequeña empresa turística frente al turismo internacional /  |c Ruth Alfaro 
520 |a En el texto se presenta la situación de la micro y pequeña empresa en Costa Rica de cara al turismo internacional. Se menciona que ha habido un gran crecimiento en poco tiempo en diversidad y cantidad de oportunidades, sin embargo no ha habido una adecuada planificación, por lo tanto, ha ocurrido efectos negativos tanto para el mantenimiento del desarrollo turístico a nivel de los empresarios como de los turistas. La autora en el texto menciona una serie de limitaciones que ha tenido que enfrentar este sector y al final presenta una serie de recomendaciones ante dicha problemática  
650 |a TURISMO  
650 |a PEQUEÑAS EMPRESAS  
650 |a PEQUEÑA INDUSTRIA  
650 |a COMERCIO  
650 |a COSTA RICA  
650 |a INDICADORES DE INDUSTRIA TURISTICA  
773 |g número 116; páginas 40-43  
999 |c 32926  |d 32926